30 let ILF - 15 let katedry farmaceutické analytiky

Bibliographic Details
Main Author: Babjuk, Jaroslav, 1929-2004 (Author)
Format: Article
Language:Slovak
PhysicalDescription:Tb. 1.
Subjects:

MARC

LEADER 00000nab a2200000 a 4500
001 vtls000159077
003 SK-MaSNL
005 20260304073532.0
008 250422c1983 xo 0 slo
015 |a SNBRB19rr/mm-uuuuu 
035 |a CL0169187 
035 |a urn:nbn:sk:snk-ab6n6n 
035 |a (uuid)f0bdcb91-0094-40e8-ae19-061d2dbdafa8 
035 |a (urnnbn)urn:nbn:sk:snk:ar-005moq 
040 |a SNKBUCL  |b slo  |c SNKBUCL  |e AACR2 
041 0 |a slo 
044 |a xo  |c SK 
080 |a 378.096(437.10):615:543  |2 1981 
080 |a 615  |2 1981 
080 |a 543  |2 1981 
100 1 |a Babjuk, Jaroslav,  |d 1929-2004  |4 aut  |9 252413 
245 1 0 |a 30 let ILF - 15 let katedry farmaceutické analytiky  |c J. Babjuk 
300 |b Tb. 1. 
610 2 7 |a Institut pro další vzdělávání lékařů a farmaceutů  |2 SNKKA  |9 224473 
655 7 |a články z novín a časopisov  |2 snkbucl  |9 267496 
773 0 |t Farmaceutický obzor  |g Roč. 52, č. 9 (1983), s. 395-397 
850 |a Slovenská národná knižnica 
852 |a Slovenská národná knižnica 
954 |a odborná, vedecká literatúra pôvodná (slovenská)  |2 lita 
958 |a article27 
958 |a OND 
958 |a RK 
958 |a MI 
958 |a CZ 
958 |a EUIPO 
992 |a RBX 
999 |c 2772011  |d 2773941